Equipas Premier League - 24/25 - Statistics

Estatísticas Gerais
  • Esse quiz foi jogado 61 vezes
  • A pontuação média é 12 de 20
Estatísticas das Respostas
Clube % Correto
Manchester City
98%
Manchester United
98%
Liverpool
96%
Arsenal
94%
Chelsea
93%
Tottenham
76%
Wolverhampton
72%
Everton
69%
Aston Villa
67%
Brighton
61%
Brentford
54%
Crystal Palace
48%
Leicester
44%
Nottingham Forest
43%
Southampton
43%
Fulham
37%
Bournemouth
35%
Newcastle United
35%
West Ham United
33%
Ipswich
28%
Nenhum quiz correspondente encontrado
Distribuição das Pontuações
Porcentagem de Pessoas com Cada Pontuação
Percentil de Números Respondidos
Sua Pontuação Histórica
Você não jogou esse quiz